Normal view
MARC view
Entry Personal Name
001 - CONTROL NUMBER
- control field: 25614
003 - CONTROL NUMBER IDENTIFIER
- control field: dpl
005 - DATE AND TIME OF LATEST TRANSACTION
- control field: 20110125170538.0
008 - FIXED-LENGTH DATA ELEMENTS
- fixed length control field: 110125|||a|||||| | ||| d
040 ## - CATALOGING SOURCE
- Original cataloging agency: dpl
- Transcribing agency: dpl
100 ## - HEADING--PERSONAL NAME
- Personal name: मुखोपाध्याय, सुभाष
670 ## - SOURCE DATA FOUND
- Source citation: Work cat.: (dpl)48893: मुखोपाध्याय, सुभाष, अग्निगर्भ /, 2007
670 ## - SOURCE DATA FOUND
- Source citation: Work cat.: (dpl)48893: मुखोपाध्याय, सुभाष, अग्निगर्भ /, 2007
